header

The conspiracy of life (Record no. 112401)

MARC details
000 -LEADER
fixed length control field 01396nam a2200349Ia 4500
082 04 - DEWEY DECIMAL CLASSIFICATION NUMBER
Classification number 193
100 1# - MAIN ENTRY--AUTHOR NAME
Personal name Wirth, Jason M.,
245 14 - TITLE STATEMENT
Title The conspiracy of life
260 ## - PUBLICATION, DISTRIBUTION, ETC. (IMPRINT)
Place of publication Albany, NY :
Name of publisher State University of New York Press,
Year of publication c2003.
300 ## - PHYSICAL DESCRIPTION
Number of Pages vii, 290 p.
650 #0 - SUBJECT ADDED ENTRY--TOPICAL TERM
Topical Term Philosophy, German.
856 40 - ELECTRONIC LOCATION AND ACCESS
Uniform Resource Identifier http://site.ebrary.com/lib/rucke/Doc?id=10594954

No items available.

© 2026 Rongo University
Contact us: librarian | system librarian | Rongo university